Tennis - Joueurs ayant battu Jannik Sinner au moins 2 fois - Statistiques

Statistiques générales
  • Ce quiz a été pris 263 fois
    150 depuis la dernière actualisation
  • Le résultat moyen est 12 sur 18
Statistiques - réponses
Nationalité Joueurs Nombre de victoires Année de la dernière victoire % Correct
Espagne Carlos Alcaraz 10 2025
100%
Serbie Novak Djokovic 5 2026
99%
Russie Daniil Medvedev 7 2024
97%
Allemagne Alexander Zverev 4 2023
96%
Grèce Stefanos Tsitsipas 6 2024
96%
Espagne Rafael Nadal 3 2021
91%
Russie Andrey Rublev 3 2024
87%
Kazakhstan Alexander Bublik 2 2025
86%
Danemark Holger Rune 2 2023
83%
Suisse Stan Wawrinka 2 2019
78%
Canada Félix Auger-Aliassime 2 2022
64%
Argentine Francisco Cerundolo 2 2023
59%
Pologne Hubert Hurkacz 2 2022
57%
Suède Mikael Ymer 2 2022
42%
Hongrie Marton Fucsovics 2 2021
34%
Espagne Pablo Carreño Busta 2 2022
32%
Serbie Laslo Djere 2 2020
29%
Slovénie Aljaz Bedene 2 2021
14%
Aucun quiz correspondant
Distribution des résultats
% des personnes avec chaque résultat
Percentile par nombre de réponses
Votre historique - résultats
Vous n’avez pas pris ce quiz depuis la dernière actualisation